Statistics for All MCU Heroes Part 2 (Guardians 2 - Spidey 2)

Click here to take the quiz!

General Stats

  • This quiz has been taken 66 times
  • The average score is 83 of 104

Answer Stats

HintAnswer% Correct
Gamora
100%
Guardians of The Galaxy Vol. 2.Star-Lord
100%
Groot
98%
Rocket
98%
Spider-Man: Far From Home | Spider-Man: HomecomingSpider-Man
98%
Iron Man
96%
Drax
95%
Thor: RagnarokThor
95%
Ant-Man
93%
Mantis
93%
Black Panther
91%
Nebula
91%
Captain MarvelCaptain Marvel
89%
Hulk
89%
Loki
89%
The Wasp
89%
Captain America
87%
Shuri
87%
Valkyrie
87%
Yondu
87%
Nick Fury
85%
Black Widow
84%
Doctor Strange
84%
Hawk-Eye
80%
Scarlet Witch
80%
Falcon
78%
Vision
78%
White Wolf
76%
Winter Soldier
76%
Wong
75%
War Machine
73%
Okoye
71%
Korg
62%
M'Baku
62%
Heimdall
53%
Kraglin
53%
Meik
51%
Doctor Strange
42%
Talos
42%
Howard The Duck
38%
Volstagg
38%
Fandral
36%
Hogun
36%
Phil Coulson
36%
Skurge
35%
Ancient One
31%
Goose
25%
Frigga
22%
Eitri
18%

Score Distribution

Percentile by Number Answered

Percent of People with Each Score

Your Score History

You have not taken this quiz